| 000 | 00511nam a22002057a 4500 | ||
|---|---|---|---|
| 999 |
_c459087 _d459087 |
||
| 001 | 216217009 | ||
| 003 | UA-OsUOA | ||
| 005 | 20200504110313.0 | ||
| 008 | 200504b un ||||| |||| 00| 0 ukr d | ||
| 040 |
_aUA-OsUOA _bukr _cUA-OsUOA _dUA-OsUOA |
||
| 041 | _aukr | ||
| 080 | _a77 | ||
| 090 | _a77 | ||
| 245 | _a"А скажите, Иннокентий Михайлович..." | ||
| 260 |
_aМосква _bКиноцентр _c1988 |
||
| 300 | _a68 с. | ||
| 650 | _277 | ||
| 942 |
_2udc _cBK |
||
| 955 | _a0 | ||